Bình giảng - Bình luận văn học
Các bài giảng, bình luận một số tác phẩm thuộc dòng văn học cổ điển và các tác phẩm văn học hiện đại
Wedi'i Gadw mewn:
| Fformat: | Llyfr |
|---|---|
| Iaith: | Undetermined |
| Cyhoeddwyd: |
Hà Nội
Giáo dục
2007
|
| Pynciau: | |
| Tagiau: |
Ychwanegu Tag
Dim Tagiau, Byddwch y cyntaf i dagio'r cofnod hwn!
|
| Thư viện lưu trữ: | Trung tâm Học liệu Trường Đại học Cần Thơ |
|---|
| LEADER | 00792nam a2200205Ia 4500 | ||
|---|---|---|---|
| 001 | CTU_197216 | ||
| 008 | 210402s9999 xx 000 0 und d | ||
| 020 | |c 31500 | ||
| 082 | |a 807 | ||
| 082 | |b B312 | ||
| 245 | 0 | |a Bình giảng - Bình luận văn học | |
| 245 | 0 | |c Nguyễn Đức Quyền (Biên soạn và tuyển chọn) | |
| 260 | |a Hà Nội | ||
| 260 | |b Giáo dục | ||
| 260 | |c 2007 | ||
| 520 | |a Các bài giảng, bình luận một số tác phẩm thuộc dòng văn học cổ điển và các tác phẩm văn học hiện đại | ||
| 650 | |a Vietnamese literature,Văn học Việt Nam | ||
| 650 | |x Study and teaching,Dạy và học | ||
| 904 | |i Hải | ||
| 980 | |a Trung tâm Học liệu Trường Đại học Cần Thơ | ||